Word Ladder: Move the Ball Up the Court Quiz Stats

 Plays Quiz Updated Aug 7, 2018

Score 0/13 Timer 01:30
6 Plays Today
Clue 3-Letter Word % Correct
The edge of a basketball hoopRIM
95.7%
OverweightFAT
92.7%
• A pistol or rifle, for example ••GUN•
91.6%
• Hustle or move at a quickened pace ••RUN•
91%
A sports team's supporter FAN
90.9%
Alcohol made from molasses RUM
89.3%
A conclusionEND
88.2%
Enjoyment derived from something FUN
85.9%
Consume for nutrition EAT
85.7%
• What + and & can both mean ••AND•
84.9%
Assist or provide helpAID
81.8%
Place within one's crosshairsAIM
81.6%
Tolkien's living tree raceENT
74.6%

Today's Daily Dose

You're not logged in!

Compare scores with friends on all Sporcle quizzes.
OR
Log In

Sporcle TV

Today on Sporcle TV


Watch our educational content, quiz creation guides, and fun videos on Sporcle TV.

Show Comments

Extras

Top Quizzes Today


Score Distribution

Your Account Isn't Verified!

In order to create a playlist on Sporcle, you need to verify the email address you used during registration. Go to your Sporcle Settings to finish the process.

Report this User

Report this user for behavior that violates our Community Guidelines.

Details: